000 01186nam a2200313 a 4500
001
003 OSt
005 20201027103452.0
008 091207s1985 dr ad 001 0 spa d
040 _aDO-SdBNP
_bspa
_cDO-SdBNP
082 _a338.4791
_bR426t,1985
110 2 _aRepública Dominicana.
_bSecretaría de Estado de Turismo
_932026
245 1 0 _aTurismo en cifras 1982-1984 /
_c
260 _aSanto Domingo :
_bSecretaría de Estado de Turismo,
_c1985
300 _a97 p. :
_bil., gráfcs., tablas. ;
_c28. cm.
501 _a
505 0 _aPresentación -- aspecto mas relevantes del turismo -- Glosario de términos -- Turismo egresivo -- Estadísticas hotelera -- Encuesta de gastos y motivación -- Información generales, 1984 -- Directorio de desarrollo turístico -- proyectos aprobados, 1980-1984.
546 _a
563 _a
590 _aInventariado,2020/VM
650 4 _aTurismo
_zRepública Dominicana
_xEstadísticas
_932027
650 4 _aTurismo y desarrollo
_zRepública Dominicana
_932028
650 4 _aComercio turístico
_xEstadísticas
_932029
700 _a
_e
_916831
740 _a
910 _a
942 _2ddc
_cLBS1
956 _aVMateo
999 _c48966
_d48966